Will EMU generate asymmetry? comparing monetary policy transmission across european countries

Salvato in:
Dettagli Bibliografici
Autore principale: Ehrmann, Michael
Natura: Libro
Lingua:inglese
Pubblicazione: San Domenico (FI) European University Institute 1998
Serie:EUI Working paper ECO No. 98/28
Soggetti:
Tags: Aggiungi Tag
Nessun Tag, puoi essere il primo ad aggiungerne!!

MARC

LEADER 00000nam a2200000 4500
001 c133271
005 20221109094838.6
041 0 |a eng 
044 |a IT 
245 1 0 |a Will EMU generate asymmetry?  |b comparing monetary policy transmission across european countries  |c Michael Ehrmann 
264 1 |a San Domenico (FI)  |b European University Institute  |c 1998 
300 |a 31 s. 
490 1 |a EUI Working paper ECO  |v No. 98/28 
830 0 |a EUI Working paper ECO  |v No. 98/28 
610 2 0 |a politika peňažná 
610 2 0 |a modely 
610 2 0 |a porovnanie medzinárodné 
610 2 0 |a regresia 
610 2 0 |a únie menové 
610 2 0 |a Európska menová únia 
610 2 0 |a Európa 
100 1 |a Ehrmann, Michael